| 000 | 00473nam a2200193Ia 4500 | ||
|---|---|---|---|
| 005 | 20240823030738.0 | ||
| 008 | 240823s9999||||xx |||||||||||||| ||und|| | ||
| 020 | _a978-81-315-1420-7 | ||
| 041 | _aENGLISH | ||
| 082 | _A629.2 Q1 | ||
| 100 | _aErjavec Jack | ||
| 245 | 0 | _aAutomotive Technology Brakes | |
| 250 | _a1st | ||
| 260 |
_c2011 _bCengage Learning _aNew Delhi |
||
| 500 | _aYES | ||
| 650 |
_aBrakes _bAutomobile Engineering |
||
| 942 | _cBK | ||
| 999 |
_c189430 _d189430 |
||